• 首页
  • 本馆介绍
  • 公告通知
  • 最新文献
  • 馆藏检索
  • 电子资源
  • 读者导购
  • 参考咨询
  • 我的图书馆
  • 登录
  • 详细信息显示
  • 放入我的书架
  • 预约/预借图书
  • 作者相关作品
  • 分类相关作品
  • 丛书相关作品
  • 出版社相关作品

书目信息

  • 表格格式
  • 工作单格式
  • 卡片格式
题名:
足迹集
    
 
作者: 潘鈜 著
分册:  
出版信息: 北京   中央编译出版社  2013
页数: 425页
开本: 24cm
丛书名:
单 册:
中图分类: Z429.76
科图分类:
主题词: 杂著--中国--现代--文集
电子资源:
ISBN: 978-7-5117-1769-6
000 00889nam0 2200229 450
001 012001002328
005 20140926114740.0
010    @a978-7-5117-1769-6@dCNY68.00
100    @a20140204d2013 em y0chiy50 ea
101 0  @achi
102    @aCN@b110000
105    @aa z 000yy
106    @ar
200 1  @a足迹集@9zu ji ji@f潘鈜著
210    @a北京@c中央编译出版社@d2013
215    @a425页@c照片@d24cm
330    @a本书汇集的是作者从上世纪50年代到本世纪在报刊上发表的大部分文章和没有发表的部分文章,内容分政治理论、图书情报、文学艺术、中医中药四部分,包括《论矛盾统一性和斗争性的关系及其重要性》、《论图书馆在马列主义毛泽东思想形成过程中的作用》、《论浩然的短篇小说》、《论祖国医学遗产的学习继承与发扬》等。
606 0  @a杂著@y中国@z现代@j文集
690    @aZ429.76@v5
701  0 @a潘鈜@9pan hong@f(1932-)@4著
801  0 @aCN@b上海新华@c20180901
905    @b1157845-9@dZ429.76@e77@f5
    
    足迹集/潘鈜著.-北京:中央编译出版社,2013
    425页:照片;24cm
    
    
    ISBN 978-7-5117-1769-6:CNY68.00
    本书汇集的是作者从上世纪50年代到本世纪在报刊上发表的大部分文章和没有发表的部分文章,内容分政治理论、图书情报、文学艺术、中医中药四部分,包括《论矛盾统一性和斗争性的关系及其重要性》、《论图书馆在马列主义毛泽东思想形成过程中的作用》、《论浩然的短篇小说》、《论祖国医学遗产的学习继承与发扬》等。
●
相关链接 在E读中查询图书 在五车中查询图书 在当当中查询图书 在豆瓣中查询图书


正题名:足迹集     索取号:Z429.76/77         预约/预借

序号 登录号 条形码 馆藏地/架位号 状态 备注
1 1157845   211578452   第二样本阅览室/ [索取号:Z429.76/77] 在馆    
2 1157846   211578461   第三借阅区/ [索取号:Z429.76/77] 在馆    
3 1157847   211578470   第三借阅区/ [索取号:Z429.76/77] 在馆    
4 1157848   211578489   第三借阅区/ [索取号:Z429.76/77] 在馆    
5 1157849   211578498   第三借阅区/ [索取号:Z429.76/77] 在馆    
唐山师范学院图书馆 欢迎您!
大连网信软件有限公司© 版权所有